Delegation and Empowerment for Growth (Record no. 85655)

MARC details
000 -LEADER
fixed length control field 00619nam a2200217Ia 4500
008 - FIXED-LENGTH DATA ELEMENTS--GENERAL INFORMATION
fixed length control field 230125s9999 xx 000 0 und d
020 ## - INTERNATIONAL STANDARD BOOK NUMBER
International Standard Book Number 81-314-1205-3
041 ## - LANGUAGE CODE
Language code of text/sound track or separate title eng
082 ## - DEWEY DECIMAL CLASSIFICATION NUMBER
Classification number 658.312 44
Item number CHA/MUK
100 ## - MAIN ENTRY--PERSONAL NAME
Personal name Chaudhuri S R , Ed.
9 (RLIN) 108926
245 ## - TITLE STATEMENT
Title Delegation and Empowerment for Growth
250 ## - EDITION STATEMENT
Edition statement 1st Ed.
260 ## - PUBLICATION, DISTRIBUTION, ETC. (IMPRINT)
Date of publication, distribution, etc. 2007
Name of publisher, distributor, etc. ICFAI publication
Place of publication, distribution, etc. Hyderabad
300 ## - PHYSICAL DESCRIPTION
Extent 226p
440 ## - SERIES STATEMENT/ADDED ENTRY--TITLE
Title ICFAI
500 ## - GENERAL NOTE
Keywords Empowerment;HRM Gen
650 ## - SUBJECT ADDED ENTRY--TOPICAL TERM
Topical term or geographic name as entry element Human Resource Management
700 ## - ADDED ENTRY--PERSONAL NAME
Personal name Chaudhuri S R , Ed. & Mukherjee I, Ed.
9 (RLIN) 108927
906 ## - LOCAL DATA ELEMENT F, LDF (RLIN)
b 206
Holdings
Withdrawn status Lost status Damaged status Not for loan Home library Current library Date acquired Vendor Cost, normal purchase price Bill number Total Checkouts Full call number Barcode Date last seen Cost, replacement price Bill Date Koha item type Original Barcode
        Smt. Hiraben Nanavati Institute of Management & Research for Women Smt. Hiraben Nanavati Institute of Management & Research for Women 28/12/2010 Word Book Shop 412.00 WORDI/2010/CRB/1201   658.312 44 CHA/MUK B09470 HIMR-BK-9470 25/01/2023 206.00 18/11/2010 Books B09470
        Smt. Hiraben Nanavati Institute of Management & Research for Women Smt. Hiraben Nanavati Institute of Management & Research for Women 30/03/2013 Book World 425.00 918   658.312 44 CHA/MUK B11986 HIMR-BK-11986 25/01/2023 425.00 04/01/2013 Books B11986